000 00536nam a2200181Ia 4500
008 151018s9999 xx 000 0 und d
082 _bRBASDV30448
_a891.461
100 _aशिरीष पै
245 _aचंद्र मावळताना
250 _b1
260 _bडिंपल
_c1991
300 _a76
600 _aशिरीष पै
630 _aचंद्र मावळताना
700 _aशिरीष पै
730 _aचंद्र मावळताना
942 _cBOOK
999 _c1029983
_d1029980